Export popredných slovenských firiem. 8 Vlajkové lode slovenskej ekonomiky

Konateľ spoločnosti Kablo Bratislava prof. M. Tuschar v ankete Hospodárskych novín o cieľoch a skúsenostiach v zahraničnom obchode. Prezentácia nosných slovenských podnikov v cykle kontraktačno-prezentačných výstav Vlajkové loder slovenskej ekonomiky.

Salvato in:
Dettagli Bibliografici
Autore principale: Tuschar, M.
Natura: Capitolo di libro
Lingua:slovacco
Soggetti:
Tags: Aggiungi Tag
Nessun Tag, puoi essere il primo ad aggiungerne!!

MARC

LEADER 00000naa a2200000 4500
001 r021189
005 20230801104646.7
041 0 |a slo 
044 |a SK 
245 1 0 |a Export popredných slovenských firiem. 8  |b Vlajkové lode slovenskej ekonomiky  |c M. Tuschar 
520 |a Konateľ spoločnosti Kablo Bratislava prof. M. Tuschar v ankete Hospodárskych novín o cieľoch a skúsenostiach v zahraničnom obchode. Prezentácia nosných slovenských podnikov v cykle kontraktačno-prezentačných výstav Vlajkové loder slovenskej ekonomiky. 
610 2 0 |a Slovensko 
610 2 0 |a 1996 
610 2 0 |a obchod zahraničný 
610 2 0 |a vývoz 
610 2 0 |a výstavy 
610 2 0 |a Vlajkové lode slovenskej ekonomiky 
610 2 0 |a Kablo, s.r.o. Bratislava 
100 1 |a Tuschar, M.